Tilastot visalle Suurimmat valtiot

Klikkaa tästä pelataksesi tätä visaa!

Yleistilastot

  • Tätä visaa on pelattu 5 260 kertaa
  • Keskiarvotulos 15 / 20

Vastaustilastot

Pinta-alaValtio% Oikein
17 098 242Venäjä
100%
9 640 821Kiina
99%
9 526 468Yhdysvallat
99%
9 984 670Kanada
98%
8 514 877Brasilia
96%
7 692 024Australia
94%
3 287 590Intia
92%
2 780 400Argentiina
85%
1 564 110Mongolia
82%
2 724 900Kazakstan
81%
1 964 375Meksiko
80%
2 149 690Saudi-Arabia
73%
2 344 858Kongon dem. tasavalta
72%
2 381 741Algeria
70%
1 648 195Iran
66%
1 904 569Indonesia
64%
1 759 540Libya
56%
1 886 068Sudan
53%
1 285 216Peru
45%
1 284 000Tšad
41%

Tulosjakauma

Persentiili vastausten määrän mukaan

Jokaisen tuloksen saaneiden osuus

Tuloshistoriasi

Et ole pelannut tätä visaa